Realización de un Modem F.S.K. para 600 Baudios

সংরক্ষণ করুন:
গ্রন্থ-পঞ্জীর বিবরন
প্রধান লেখক: Víquez Rodríguez, Gilbert
অন্যান্য লেখক: Rivero González, Guillermo
বিন্যাস: গ্রন্থ
প্রকাশিত: [San José , Costa Rica] 1985
ট্যাগগুলো: ট্যাগ যুক্ত করুন
কোনো ট্যাগ নেই, প্রথমজন হিসাবে ট্যাগ করুন!

MARC

LEADER 00000nam a2200000Ia 4500
003 002868
005 20221231144404.0
008 140114s1985 cr a m 000 ||s d
040 |c cru CEDI 
090 |a TFG 1676 
100 |a Víquez Rodríguez, Gilbert  |9 13879 
245 |a Realización de un Modem F.S.K. para 600 Baudios 
260 |c 1985  |a [San José , Costa Rica] 
300 |a ix,74[A1-11,B1,C1-5,D1-23,E1-32,F13] hojas :ilustraciones  
500 |a Proyecto de graduación (bachiller en ingeniería eléctrica)--Universidad de Costa Rica. Facultad de Ingeniería. Escuela de Ingeniería Eléctrica."IE-502 Proyecto Eléctrico" 
700 |9 14034  |a Rivero González, Guillermo 
942 |c TFG 
999 |c 21136  |d 21136